[Event "Chennai AICF (Women)"]
[Site "Chennai"]
[Date "2024.03.25"]
[Round "11"]
[White "Uuriintuya, Uurtsaikh"]
[Black "Mahalakshmi, Muganda Kumar"]
[Result "1-0"]
[WhiteElo "2288"]
[BlackElo "2242"]
[PlyCount "65"]
[EventDate "2024.03.18"]
[EventType "tourn"]
[EventRounds "11"]
[EventCountry "IND"]
[SourceTitle "CB13_2024"]
[SourceDate "2024.03.27"]
[SourceVersion "1"]
[SourceVersionDate "2024.03.27"]
[SourceQuality "1"]

1. e4 c6 2. c4 d5 3. cxd5 cxd5 4. exd5 Nf6 5. Nc3 Nxd5 6. Nf3 Nc6 7. Bb5 Nc7 8. Bxc6+ bxc6 9. Ne5 Qd4 10. Qe2 Ba6 11. d3 e6 12. 0-0 Bc5 13. Rd1 Bb7 14. Nc4 Qd7 15. Qe5 Bf8 16. Ne4 Nd5 17. Ncd6+ Bxd6 18. Nxd6+ Kf8 19. b3 f6 20. Qg3 a5 21. Ba3 Ba6 22. Bc5 g6 23. Re1 Kg7 24. Re4 Nc3 25. Re3 Nb5 26. Ne4 Qc7 27. Qh4 Qe5 28. Rae1 Rhd8 29. Be7 g5 30. Nxg5 fxg5 31. Bxg5 Qd4 32. Qh6+ Kg8 33. Bf6 1-0

[Event "Chennai AICF (Women)"]
[Site "Chennai"]
[Date "2024.03.23"]
[Round "8"]
[White "Mahalakshmi, Muganda Kumar"]
[Black "Franco Valencia, Angela Maria"]
[Result "0-1"]
[WhiteElo "2242"]
[BlackElo "2095"]
[PlyCount "160"]
[EventDate "2024.03.18"]
[EventType "tourn"]
[EventRounds "11"]
[EventCountry "IND"]
[SourceTitle "CB13_2024"]
[SourceDate "2024.03.27"]
[SourceVersion "1"]
[SourceVersionDate "2024.03.27"]
[SourceQuality "1"]

1. d4 Nf6 2. Nf3 e6 3. Bf4 c5 4. c3 b6 5. e3 Bb7 6. Nbd2 Be7 7. h3 d6 8. Bd3 cxd4 9. exd4 Nbd7 10. 0-0 0-0 11. Qc2 h6 12. Rad1 Qc7 13. Rfe1 Rfe8 14. Qb3 Bf8 15. Bh2 a6 16. Ne4 Nxe4 17. Bxe4 Bxe4 18. Rxe4 Nf6 19. Ree1 b5 20. Nd2 Qc6 21. Qc2 a5 22. Ne4 Nxe4 23. Rxe4 b4 24. Re3 Rec8 25. Bf4 Qd5 26. Qe2 g6 27. a3 bxc3 28. bxc3 Rab8 29. Rf3 Bg7 30. a4 Rb6 31. Qd2 Kh7 32. h4 h5 33. Bg5 Rb7 34. Bf6 Bh6 35. Qc2 Bg7 36. Rb1 Bxf6 37. Rxf6 Kg7 38. Rf3 Rc4 39. Rd1 Rbc7 40. Qd2 Rxa4 41. Qf4 Ra2 42. Qf6+ Kh7 43. Rb1 Qa8 44. Rb6 Rd7 45. c4 Qh8 46. Qf4 e5 47. Qe4 Ra1+ 48. Kh2 Qd8 49. Rbb3 a4 50. Rbc3 a3 51. Rxa3 f5 52. Qc6 Rxa3 53. Rxa3 Rc7 54. Qb6 Qxh4+ 55. Kg1 Rxc4 56. Qb7+ Kh6 57. Ra1 Qxd4 58. Rf1 e4 59. Qe7 d5 60. Rb1 Rc2 61. Qf8+ Qg7 62. Qd6 d4 63. Qf4+ Kh7 64. Qb8 Qc7 65. Qb4 Rc1+ 66. Rxc1 Qxc1+ 67. Kh2 Qc7+ 68. g3 Qd7 69. Kg1 e3 70. Qe1 exf2+ 71. Kxf2 d3 72. Qd2 Qd4+ 73. Kf1 Qe4 74. Qa5 Qf3+ 75. Kg1 Qxg3+ 76. Kh1 Qh4+ 77. Kg2 Qg5+ 78. Kf2 Qf4+ 79. Ke1 Qe3+ 80. Kf1 d2 0-1

[Event "Chennai AICF (Women)"]
[Site "Chennai"]
[Date "2024.03.21"]
[Round "5"]
[White "Sedina, Elena"]
[Black "Mahalakshmi, Muganda Kumar"]
[Result "1-0"]
[WhiteElo "2161"]
[BlackElo "2242"]
[PlyCount "111"]
[EventDate "2024.03.18"]
[EventType "tourn"]
[EventRounds "11"]
[EventCountry "IND"]
[SourceTitle "CB13_2024"]
[SourceDate "2024.03.27"]
[SourceVersion "1"]
[SourceVersionDate "2024.03.27"]
[SourceQuality "1"]

1. e4 c6 2. d4 d5 3. e5 Bf5 4. h4 a6 5. h5 h6 6. c3 e6 7. Bd3 Ne7 8. Ne2 Nd7 9. Ng3 Bxd3 10. Qxd3 c5 11. 0-0 Nc6 12. Be3 Be7 13. f4 Qb6 14. Nd2 0-0-0 15. f5 c4 16. Qe2 Qxb2 17. Rfc1 Qb6 18. Rab1 Qa5 19. Qg4 Ba3 20. fxe6 fxe6 21. Re1 Rde8 22. Ne2 Nd8 23. Rf1 Rhg8 24. Nf3 Qa4 25. Bd2 Qc2 26. Nf4 Kc7 27. Kh1 Nf8 28. Qh3 Nf7 29. Qg4 Kc6 30. Rfd1 b5 31. Be1 g5 32. Bd2 Qf5 33. Qg3 Nd7 34. Ne2 Nd8 35. Rf1 Qc2 36. Rbd1 Ref8 37. Qg4 Rf7 38. Ng3 Rgf8 39. Kg1 Bb2 40. Ne1 Rxf1+ 41. Nxf1 Qe4 42. Qxe4 dxe4 43. Nc2 b4 44. Nxb4+ Kc7 45. Rb1 Ba3 46. Nxa6+ Kc6 47. Nb4+ Kc7 48. Ng3 Nb6 49. Nxe4 Nb7 50. Bc1 Bxc1 51. Rxc1 Rf4 52. Nf6 Na4 53. d5 Nbc5 54. dxe6 Kd8 55. Nc6+ Kc7 56. e7 1-0

[Event "IND-ch (Women) 49th"]
[Site "Ahmedabad"]
[Date "2023.07.10"]
[Round "11"]
[White "Mahalakshmi, Muganda Kumar"]
[Black "Chitlange, Sakshi"]
[Result "0-1"]
[WhiteElo "2242"]
[BlackElo "2250"]
[PlyCount "120"]
[EventDate "2023.06.30"]
[EventType "swiss"]
[EventRounds "11"]
[EventCountry "IND"]
[SourceTitle "CBM 215 Extra"]
[Source "ChessBase"]
[SourceDate "2023.09.30"]
[SourceVersion "1"]
[SourceVersionDate "2023.09.30"]
[SourceQuality "1"]

1. d4 Nf6 2. c4 e6 3. Nc3 Bb4 4. e3 0-0 5. Bd2 b6 6. a3 Bxc3 7. Bxc3 Bb7 8. Nf3 Ne4 9. Rc1 d6 10. b3 Nxc3 11. Rxc3 Nd7 12. Be2 Qe7 13. 0-0 e5 14. d5 f5 15. e4 fxe4 16. Nd2 Nf6 17. Re3 c6 18. Nxe4 cxd5 19. cxd5 Nxe4 20. Rxe4 Qf7 21. Bc4 Kh8 22. Re3 Rac8 23. Qd3 Rc7 24. Rh3 Qg8 25. Re1 Rf4 26. Qg6 Rf6 27. Qb1 Bc8 28. Rhe3 Qf7 29. f3 Qh5 30. Qb2 Rcf7 31. Qd2 Rh6 32. g3 Rhf6 33. Be2 Qg5 34. Rd3 Qxd2 35. Rxd2 Rc7 36. Rdd1 Bb7 37. Rc1 Rff7 38. Rxc7 Rxc7 39. Bc4 Rc5 40. Rd1 b5 41. Be2 Rxd5 42. Rc1 Rc5 43. Rxc5 dxc5 44. Bxb5 Bxf3 45. Kf2 Bd5 46. Bc4 Bb7 47. Ke3 g5 48. Kd3 Kg7 49. Kc3 Kf6 50. b4 cxb4+ 51. axb4 Kf5 52. Be2 h6 53. Kd2 Ke4 54. h4 gxh4 55. gxh4 Kf4 56. b5 Kg3 57. h5 Kf2 58. Bc4 e4 59. Be2 e3+ 60. Kd1 Bf3 0-1

[Event "IND-ch (Women) 49th"]
[Site "Ahmedabad"]
[Date "2023.07.07"]
[Round "8"]
[White "Mahalakshmi, Muganda Kumar"]
[Black "Soumya, Swaminathan"]
[Result "1/2-1/2"]
[WhiteElo "2242"]
[BlackElo "2273"]
[PlyCount "66"]
[EventDate "2023.06.30"]
[EventType "swiss"]
[EventRounds "11"]
[EventCountry "IND"]
[SourceTitle "CBM 215 Extra"]
[Source "ChessBase"]
[SourceDate "2023.09.30"]
[SourceVersion "1"]
[SourceVersionDate "2023.09.30"]
[SourceQuality "1"]

1. d4 Nf6 2. c4 g6 3. Nc3 Bg7 4. e4 d6 5. Be2 0-0 6. Bg5 c5 7. d5 h6 8. Be3 e6 9. Qd2 exd5 10. exd5 Kh7 11. h4 Re8 12. h5 g5 13. Nf3 Ng4 14. Nxg5+ hxg5 15. Bxg5 Bxc3 16. bxc3 f6 17. Bf4 Bf5 18. f3 Nd7 19. fxg4 Bxg4 20. Be3 Bxe2 21. Qxe2 Qe7 22. Rh3 Qe4 23. 0-0-0 Rg8 24. Rf3 Rae8 25. Qc2 Qxc2+ 26. Kxc2 Rxg2+ 27. Rd2 Rg4 28. Bf4 Nb6 29. Kd3 Re1 30. Rb2 Rd1+ 31. Ke4 Re1+ 32. Kd3 Rd1+ 33. Ke4 Re1+ 1/2-1/2

[Event "IND-ch (Women) 49th"]
[Site "Ahmedabad"]
[Date "2023.07.04"]
[Round "5"]
[White "Bommini, Mounika Akshaya"]
[Black "Mahalakshmi, Muganda Kumar"]
[Result "1/2-1/2"]
[WhiteElo "2094"]
[BlackElo "2242"]
[PlyCount "173"]
[EventDate "2023.06.30"]
[EventType "swiss"]
[EventRounds "11"]
[EventCountry "IND"]
[SourceTitle "CBM 215 Extra"]
[Source "ChessBase"]
[SourceDate "2023.09.30"]
[SourceVersion "1"]
[SourceVersionDate "2023.09.30"]
[SourceQuality "1"]

1. d4 Nf6 2. c4 e6 3. Bf4 b6 4. a3 Bb7 5. Nc3 Nh5 6. Bc1 Nf6 7. Bg5 d5 8. cxd5 exd5 9. e3 h6 10. Bh4 Be7 11. Bd3 0-0 12. Nge2 c5 13. 0-0 Nc6 14. Qc2 c4 15. Bf5 Na5 16. Rad1 Ne8 17. Bxe7 Qxe7 18. Nf4 Rd8 19. Rfe1 Qf6 20. Bg4 Nc7 21. Qf5 Qxf5 22. Bxf5 Rfe8 23. f3 Nc6 24. Bc2 b5 25. e4 dxe4 26. d5 Ne5 27. fxe4 Rd6 28. Nfe2 Bc8 29. Nd4 a6 30. Rf1 Na8 31. h3 Nb6 32. Rf2 Rg6 33. Kh2 Rd6 34. Rdf1 Rdd8 35. Nf3 Nbd7 36. Kh1 f6 37. Nxe5 Rxe5 38. b4 cxb3 39. Bxb3 Nc5 40. Bc2 Bd7 41. Rb1 Nb7 42. a4 Nd6 43. axb5 Bxb5 44. Nxb5 axb5 45. Rb4 Rde8 46. Rd2 h5 47. Bd3 h4 48. Kg1 g5 49. Bxb5 Rb8 50. Rdb2 Rxe4 51. Rxe4 Nxe4 52. Rb3 Kf8 53. Ba4 Rxb3 54. Bxb3 Ke7 55. Bc2 f5 56. Kf1 Kd6 57. Ke2 Kxd5 58. Ke3 Ke5 59. Ba4 Nc5 60. Bb5 Ne6 61. Ba4 Nd4 62. Bd7 Nb3 63. Ba4 Nc5 64. Bb5 Ne6 65. Ba4 Nc7 66. Bd7 Nd5+ 67. Kf3 Nb6 68. Be8 Nc4 69. Bd7 Kf6 70. Bb5 Nd6 71. Bc6 Ke5 72. Ba4 Kd4 73. Bd7 Kd5 74. g3 hxg3 75. Kxg3 Ne4+ 76. Kf3 Ke5 77. Ba4 Nd2+ 78. Kg3 Ke4 79. Bc2+ Ke5 80. Bd1 Ne4+ 81. Kf3 Nf6 82. Kg3 Kd4 83. Bc2 Ne4+ 84. Kf3 Nd2+ 85. Ke2 Ne4 86. Kf3 Nd6 87. Bxf5 1/2-1/2

[Event "Titled Tuesday intern op 16th May Early"]
[Site "Chess.com INT"]
[Date "2023.05.16"]
[Round "6"]
[White "Mahalakshmi, Muganda Kumar"]
[Black "Jelcic, Marko"]
[Result "1-0"]
[WhiteElo "2210"]
[BlackElo "2201"]
[PlyCount "75"]
[EventDate "2023.05.16"]
[EventType "swiss (blitz)"]
[EventRounds "11"]
[EventCountry "USA"]
[SourceTitle "CBM 214 Extra"]
[Source "ChessBase"]
[SourceDate "2023.07.31"]
[SourceVersion "1"]
[SourceVersionDate "2023.07.31"]
[SourceQuality "1"]

1. e4 g6 2. d4 Bg7 3. Nc3 d6 4. Be3 Nf6 5. Qd2 0-0 6. f3 a6 7. 0-0-0 b5 8. h4 h5 9. Nh3 Nbd7 10. Nf2 Bb7 11. g4 c5 12. Be2 Qa5 13. gxh5 Nxh5 14. f4 b4 15. Nb1 cxd4 16. Bxd4 Bxd4 17. Qxd4 Qc5 18. Bxh5 Qxd4 19. Rxd4 gxh5 20. Rg1+ Kh7 21. Rxb4 Bc6 22. Nc3 Rg8 23. Rg5 Kh6 24. Rc4 Bb5 25. Rc7 Rgd8 26. Nxb5 axb5 27. a3 b4 28. axb4 f6 29. Rb5 Ra1+ 30. Kd2 Rf1 31. Ke2 Rb1 32. Rbb7 Nf8 33. Rxe7 Rxb2 34. Rec7 d5 35. e5 fxe5 36. fxe5 Ne6 37. Rc6 Re8 38. Rbb6 1-0

[Event "Titled Tuesday intern op 16th May Early"]
[Site "Chess.com INT"]
[Date "2023.05.16"]
[Round "7"]
[White "Mahalakshmi, Muganda Kumar"]
[Black "Veiga, Jose Francisco RP"]
[Result "1-0"]
[WhiteElo "2210"]
[BlackElo "2406"]
[PlyCount "116"]
[EventDate "2023.05.16"]
[EventType "swiss (blitz)"]
[EventRounds "11"]
[EventCountry "USA"]
[SourceTitle "CBM 214 Extra"]
[Source "ChessBase"]
[SourceDate "2023.07.31"]
[SourceVersion "1"]
[SourceVersionDate "2023.07.31"]
[SourceQuality "1"]

1. e4 c5 2. Nf3 e6 3. d4 cxd4 4. Nxd4 Nc6 5. Nc3 Qc7 6. Be3 a6 7. Be2 Nf6 8. 0-0 Bb4 9. f3 0-0 10. Kh1 Bxc3 11. bxc3 d5 12. Bg5 Qe5 13. f4 Qc7 14. Bxf6 gxf6 15. exd5 exd5 16. Bd3 Ne7 17. Rf3 Kh8 18. Rg3 Qxf4 19. Qh5 Ng6 20. Rf1 Qe5 21. Qh6 Bd7 22. Bxg6 fxg6 23. Rxg6 Rg8 24. Rxg8+ Rxg8 25. Qxf6+ Qxf6 26. Rxf6 Re8 27. h3 Re1+ 28. Kh2 Re5 29. Rf7 Bc6 30. Rc7 h5 31. Nxc6 bxc6 32. Rxc6 Re2 33. Rxa6 Rxc2 34. Rh6+ Kg7 35. Rxh5 Rxa2 36. Rxd5 Rc2 37. Rc5 Kf6 38. Kg3 Ke6 39. h4 Kd6 40. Rc4 Kd5 41. Rd4+ Ke5 42. Rd3 Kf5 43. Rf3+ Kg6 44. Kh3 Rc1 45. g4 Rh1+ 46. Kg3 Ra1 47. h5+ Kg7 48. Kh4 Rh1+ 49. Kg5 Ra1 50. Rf5 Ra3 51. Rc5 Kg8 52. Rc6 Ra5+ 53. Kg6 Kf8 54. Rc8+ Ke7 55. h6 Kd7 56. Rc4 Ra1 57. h7 Rh1 58. Kg7 Ke6 1-0

[Event "Baku op"]
[Site "Baku"]
[Date "2023.05.07"]
[Round "4"]
[White "Madaminov, Mukhiddin"]
[Black "Mahalakshmi, Muganda Kumar"]
[Result "1-0"]
[WhiteElo "2436"]
[BlackElo "2210"]
[PlyCount "103"]
[EventDate "2023.05.04"]
[EventType "swiss"]
[EventRounds "9"]
[EventCountry "AZE"]
[SourceTitle "CBM 214 Extra"]
[Source "ChessBase"]
[SourceDate "2023.07.31"]
[SourceVersion "1"]
[SourceVersionDate "2023.07.31"]
[SourceQuality "1"]

1. e4 c6 2. Nc3 d5 3. Nf3 dxe4 4. Nxe4 Nf6 5. Qe2 Bf5 6. Nxf6+ gxf6 7. d4 Qd5 8. c3 Bg4 9. h3 Bxf3 10. Qxf3 Qxf3 11. gxf3 Nd7 12. b4 e5 13. dxe5 fxe5 14. Rg1 0-0-0 15. Bc4 f6 16. Bd2 Nb6 17. Be6+ Kb8 18. 0-0-0 c5 19. b5 Rd6 20. Bg8 Nd5 21. Kc2 Ne7 22. Bc4 Ng6 23. Be3 Be7 24. Rxd6 Bxd6 25. Bd3 Kc7 26. a4 Rf8 27. Bh6 Re8 28. Rg4 Nf4 29. Bf5 a6 30. bxa6 bxa6 31. h4 Kb6 32. Rg7 Re7 33. Rxh7 Rxh7 34. Bxh7 Ka5 35. Bg8 Kxa4 36. Bf7 Ng2 37. Be8+ Ka5 38. Bg7 Ne1+ 39. Kd1 Nxf3 40. Bxf6 Kb6 41. Bh5 e4 42. Bxf3 exf3 43. Bg7 Kb5 44. h5 Bf4 45. h6 Bxh6 46. Bxh6 Ka4 47. Kc2 c4 48. Kb2 a5 49. Bg5 Kb5 50. Ka3 Kc5 51. Ka4 Kb6 52. Bd8+ 1-0

[Event "Baku op"]
[Site "Baku"]
[Date "2023.05.05"]
[Round "2"]
[White "Kilic, Eray"]
[Black "Mahalakshmi, Muganda Kumar"]
[Result "1-0"]
[WhiteElo "2418"]
[BlackElo "2210"]
[PlyCount "81"]
[EventDate "2023.05.04"]
[EventType "swiss"]
[EventRounds "9"]
[EventCountry "AZE"]
[SourceTitle "CBM 214 Extra"]
[Source "ChessBase"]
[SourceDate "2023.07.31"]
[SourceVersion "1"]
[SourceVersionDate "2023.07.31"]
[SourceQuality "1"]

1. e4 c6 2. d4 d5 3. e5 Bf5 4. h4 h5 5. c4 e6 6. Nc3 Nd7 7. cxd5 cxd5 8. Bd3 Bxd3 9. Qxd3 Ne7 10. Bg5 Qb6 11. Nge2 Nc6 12. 0-0 Bb4 13. a3 Bxc3 14. bxc3 Na5 15. Nf4 Qc6 16. Rfe1 Nc4 17. Re2 Nf8 18. Qf3 g6 19. Bf6 Rg8 20. Qg3 Nh7 21. Nxh5 Kd7 22. Nf4 Nxf6 23. exf6 Rae8 24. Nh3 Kc8 25. Ng5 Nd6 26. a4 Rh8 27. Qf4 Rd8 28. c4 dxc4 29. Re5 Kb8 30. Rc5 Qd7 31. Nf3 Ka8 32. Ne5 Qe8 33. a5 g5 34. hxg5 Qg8 35. g6 fxg6 36. Rc7 Rh7 37. Rxh7 Qxh7 38. f7 Rf8 39. Nd7 Qxf7 40. Nb6+ axb6 41. axb6+ 1-0

[Event "IND-ch (Women) 48th"]
[Site "Hatkanangale"]
[Date "2023.01.02"]
[Round "8"]
[White "Tejaswini, G."]
[Black "Mahalakshmi, Muganda Kumar"]
[Result "1/2-1/2"]
[WhiteElo "1773"]
[BlackElo "2257"]
[PlyCount "73"]
[EventDate "2022.12.26"]
[EventType "swiss"]
[EventRounds "11"]
[EventCountry "IND"]
[SourceTitle "CBM 212 Extra"]
[Source "ChessBase"]
[SourceDate "2023.03.31"]
[SourceVersion "1"]
[SourceVersionDate "2023.03.31"]
[SourceQuality "1"]

1. d4 Nf6 2. c4 e6 3. Nc3 Bb4 4. f3 c5 5. d5 0-0 6. e4 d6 7. Nge2 b5 8. Ng3 Re8 9. Be2 exd5 10. cxd5 c4 11. a4 bxa4 12. Rxa4 Qb6 13. Bxc4 Bd7 14. Ra2 a5 15. Qe2 Bc5 16. Nf1 Na6 17. Bxa6 Rxa6 18. Be3 Rc8 19. Bxc5 Rxc5 20. Ne3 a4 21. Qd2 Bb5 22. Kf2 Nd7 23. Rha1 Qa7 24. Qd4 Ne5 25. Nxb5 Rxb5 26. Qxa7 Rxa7 27. Rxa4 Rxb2+ 28. Kg3 Rxa4 29. Rxa4 g6 30. f4 Nd3 31. Ra6 Re2 32. Kf3 Rf2+ 33. Kg3 Re2 34. Kf3 Rf2+ 35. Kg3 Re2 36. Ng4 Kg7 37. Kf3 1/2-1/2

[Event "Raipur Chhattisgarh"]
[Site "Raipur"]
[Date "2022.09.26"]
[Round "8"]
[White "Mahalakshmi, Muganda Kumar"]
[Black "Garv, Rai"]
[Result "1/2-1/2"]
[WhiteElo "2253"]
[BlackElo "2051"]
[PlyCount "98"]
[EventDate "2022.09.19"]
[EventType "swiss"]
[EventRounds "10"]
[EventCountry "IND"]
[SourceTitle "CBM 210 Extra"]
[Source "ChessBase"]
[SourceDate "2022.11.30"]
[SourceVersion "1"]
[SourceVersionDate "2022.11.30"]
[SourceQuality "1"]

1. d4 Nf6 2. c4 e6 3. Nc3 Bb4 4. e3 0-0 5. Bd2 d5 6. Nf3 b6 7. Bd3 dxc4 8. Bxc4 Bb7 9. 0-0 Nbd7 10. Qe2 c5 11. Rfd1 cxd4 12. Nxd4 a6 13. a3 Bd6 14. e4 h6 15. h3 Qe7 16. Nf3 Ne5 17. Bb3 Rac8 18. Bf4 Nxf3+ 19. Qxf3 Bxf4 20. Qxf4 e5 21. Qe3 b5 22. Rd3 Rfd8 23. Rad1 Rxd3 24. Qxd3 Qc5 25. Nd5 Nxd5 26. exd5 Qd6 27. Re1 Re8 28. f4 Re7 29. Qe4 f6 30. Kh1 Kf8 31. Qh7 Ke8 32. fxe5 Rxe5 33. Rxe5+ Qxe5 34. Qxg7 Qxb2 35. Qxb7 Qa1+ 36. Bd1 Qxd1+ 37. Kh2 Qa1 38. Qc8+ Kf7 39. Qe6+ Kf8 40. Qc8+ Kf7 41. Qd7+ Kf8 42. Qd6+ Kf7 43. Qd7+ Kf8 44. h4 Qe1 45. Kh3 h5 46. d6 Qe3+ 47. g3 Qe4 48. Kh2 Qe2+ 49. Kg1 Qe1+ 1/2-1/2

[Event "Titled Tuesday intern op 09th Aug Early"]
[Site "Chess.com INT"]
[Date "2022.08.09"]
[Round "1"]
[White "Mahalakshmi, Muganda Kumar"]
[Black "Nazari, Arad"]
[Result "0-1"]
[WhiteElo "2253"]
[BlackElo "2389"]
[PlyCount "88"]
[EventDate "2022.08.09"]
[EventType "swiss (blitz)"]
[EventRounds "11"]
[EventCountry "USA"]
[SourceTitle "EXT 2023"]
[Source "ChessBase"]
[SourceDate "2022.10.05"]
[SourceVersion "1"]
[SourceVersionDate "2022.10.05"]
[SourceQuality "1"]

1. d4 Nf6 2. Nf3 g6 3. g3 Bg7 4. Bg2 0-0 5. 0-0 d5 6. c4 c6 7. cxd5 cxd5 8. Nc3 Nc6 9. Ne5 Bf5 10. Nxc6 bxc6 11. b3 h5 12. Ba3 h4 13. Na4 Re8 14. Rc1 Rc8 15. e3 hxg3 16. hxg3 Ng4 17. Bf3 Nf6 18. Kg2 e5 19. dxe5 Nd7 20. e6 Rxe6 21. Nc5 Nxc5 22. Bxc5 Be5 23. Rh1 Qf6 24. a4 a6 25. Qe2 Be4 26. Bxe4 dxe4 27. Rh4 Rb8 28. Rxe4 Rxb3 29. Rh1 Rb2 30. Qf1 Qf5 31. Reh4 Bf6 32. Bd4 Qd5+ 33. Kg1 Bxd4 34. Rxd4 Qf5 35. Rdh4 Rb1 36. Qxb1 Qxb1+ 37. Kg2 Qf5 38. g4 Qd5+ 39. Kg3 Kf8 40. Rb1 Rf6 41. f4 Re6 42. Rb8+ Kg7 43. Kf2 Qd2+ 44. Kf3 Rxe3# 0-1

[Event "Titled Tuesday intern op 09th Aug Early"]
[Site "Chess.com INT"]
[Date "2022.08.09"]
[Round "4"]
[White "Mahalakshmi, Muganda Kumar"]
[Black "Pulpan, Jakub"]
[Result "0-1"]
[WhiteElo "2253"]
[BlackElo "2422"]
[PlyCount "130"]
[EventDate "2022.08.09"]
[EventType "swiss (blitz)"]
[EventRounds "11"]
[EventCountry "USA"]
[SourceTitle "EXT 2023"]
[Source "ChessBase"]
[SourceDate "2022.10.05"]
[SourceVersion "1"]
[SourceVersionDate "2022.10.05"]
[SourceQuality "1"]

1. d4 Nf6 2. c4 e6 3. Nc3 d5 4. Nf3 c5 5. cxd5 Nxd5 6. g3 Nc6 7. dxc5 Bxc5 8. Nxd5 exd5 9. Bg2 0-0 10. 0-0 h6 11. Bf4 Re8 12. Rc1 Bb6 13. h4 Bg4 14. Re1 Qf6 15. Qxd5 Qxb2 16. e3 Nb4 17. Qb5 Qxa2 18. Qxb4 Ba5 19. Qxb7 Bxe1 20. Rxe1 a5 21. Nd4 Rad8 22. Bc6 Rf8 23. Bc7 Rc8 24. Bd6 Rfd8 25. Be7 Rb8 26. Qc7 Rdc8 27. Qf4 Be6 28. Bd6 Rb6 29. Be4 Qd2 30. Rf1 a4 31. Nxe6 Qxd6 32. Nd4 Qxf4 33. gxf4 a3 34. Ra1 Rc3 35. Ne2 Rcb3 36. Nd4 Rc3 37. Ne2 Rc4 38. Bd3 Ra4 39. Re1 a2 40. Ra1 Rb2 41. Nc3 Ra3 42. Nxa2 Rbxa2 43. Rd1 Ra1 44. Rxa1 Rxa1+ 45. Kg2 g6 46. Be4 Kg7 47. f5 g5 48. hxg5 hxg5 49. Kf3 Kf6 50. Bd3 Ke5 51. Kg4 Rg1+ 52. Kh5 Rg2 53. f3 Rg3 54. Be4 g4 55. Kh4 Rxf3 56. Bxf3 gxf3 57. Kg3 Ke4 58. Kf2 f6 59. Kf1 Kxf5 60. Kf2 Ke4 61. Kf1 Kxe3 62. Ke1 f2+ 63. Kf1 f5 64. Kg2 Ke2 65. Kg3 f1Q 0-1

[Event "Titled Tuesday intern op 07th Jun Early"]
[Site "Chess.com INT"]
[Date "2022.06.07"]
[Round "3"]
[White "Adury, Anant"]
[Black "Mahalakshmi, Muganda Kumar"]
[Result "1/2-1/2"]
[WhiteElo "2079"]
[BlackElo "2253"]
[PlyCount "194"]
[EventDate "2022.06.07"]
[EventType "swiss (blitz)"]
[EventRounds "11"]
[EventCountry "USA"]
[SourceTitle "CBM 208 Extra"]
[Source "ChessBase"]
[SourceDate "2022.07.31"]
[SourceVersion "1"]
[SourceVersionDate "2022.07.31"]
[SourceQuality "1"]

1. c4 Nf6 2. Nc3 d6 3. e4 g6 4. g3 Bg7 5. Bg2 0-0 6. Nge2 e5 7. 0-0 b6 8. d3 Bb7 9. f4 Nbd7 10. f5 a5 11. Kh1 c6 12. Ng1 d5 13. g4 dxe4 14. g5 Nh5 15. f6 Bh8 16. Nxe4 Qc7 17. Bf3 Nf4 18. Bg4 Nc5 19. Bxf4 Nxe4 20. dxe4 exf4 21. Qf3 h6 22. h4 hxg5 23. hxg5 Qe5 24. Nh3 c5 25. Rae1 Rfe8 26. Qxf4 Bxe4+ 27. Rxe4 Qxe4+ 28. Qxe4 Rxe4 29. Bf3 Rh4 30. Bxa8 Rxh3+ 31. Kg2 Rh5 32. Bd5 Rxg5+ 33. Kh3 Rf5 34. Rxf5 gxf5 35. Kg3 Bxf6 36. Kf4 Bxb2 37. Kxf5 Kf8 38. a4 Ke7 39. Bc6 Kd6 40. Bb5 f6 41. Ba6 Ke7 42. Bb5 Kf7 43. Ba6 Kg7 44. Bb5 Kh6 45. Ba6 Kh5 46. Bb5 Kh4 47. Ba6 Kg3 48. Bb5 Kf2 49. Ba6 Ke3 50. Bb5 Kd4 51. Ba6 Kd3 52. Bb5 Kc2 53. Ba6 Kb3 54. Bb5 Kb4 55. Ke6 Kb3 56. Kf5 Bd4 57. Ke6 Kc3 58. Kf5 Kd3 59. Ke6 Ke4 60. Bc6+ Kf4 61. Bg2 Kg4 62. Be4 Kf4 63. Bh7 Ke3 64. Bg6 Kd2 65. Be8 Kd3 66. Kd5 f5 67. Bg6 Kc3 68. Bxf5 Kb4 69. Bd7 Bf2 70. Bb5 Bd4 71. Kc6 Bf2 72. Kxb6 Bg1 73. Kb7 Bf2 74. Kc8 Bg1 75. Kd7 Bf2 76. Ke6 Bg1 77. Kf5 Bf2 78. Ke4 Bd4 79. Kf3 Ka3 80. Ke2 Kb4 81. Kd3 Ka3 82. Kc2 Kb4 83. Kb1 Ka3 84. Kc2 Kb4 85. Kd3 Bh8 86. Ke4 Bd4 87. Kd5 Bg1 88. Ke5 Bd4+ 89. Kf5 Bg1 90. Kg4 Bd4 91. Kh3 Bh8 92. Kg3 Bg7 93. Kg4 Bd4 94. Kf5 Ba1 95. Kg6 Bc3 96. Kf5 Bd4 97. Ke4 Ba1 1/2-1/2

[Event "Titled Tuesday intern op 07th Jun Early"]
[Site "Chess.com INT"]
[Date "2022.06.07"]
[Round "10"]
[White "Mahalakshmi, Muganda Kumar"]
[Black "Reprintsev, Alexander"]
[Result "1/2-1/2"]
[WhiteElo "2253"]
[BlackElo "2353"]
[PlyCount "158"]
[EventDate "2022.06.07"]
[EventType "swiss (blitz)"]
[EventRounds "11"]
[EventCountry "USA"]
[SourceTitle "CBM 208 Extra"]
[Source "ChessBase"]
[SourceDate "2022.07.31"]
[SourceVersion "1"]
[SourceVersionDate "2022.07.31"]
[SourceQuality "1"]

1. d4 d5 2. c4 e5 3. dxe5 d4 4. Nf3 Nc6 5. g3 Nge7 6. Bg2 Ng6 7. 0-0 Ngxe5 8. Nxe5 Nxe5 9. Nd2 Be7 10. Nf3 Nxf3+ 11. Bxf3 Bh3 12. Re1 c6 13. Bf4 0-0 14. Be5 Bf6 15. Bxf6 Qxf6 16. c5 Rad8 17. Qd3 Bf5 18. Qb3 Rd7 19. Rad1 Re8 20. Qb4 Be4 21. Bxe4 Rxe4 22. e3 Qe6 23. exd4 Rdxd4 24. Rxd4 Rxe1+ 25. Kg2 h5 26. Qxb7 Rc1 27. b4 h4 28. Qb8+ Kh7 29. Rxh4+ Kg6 30. Rd4 f6 31. Qf4 Qe1 32. Qe4+ Qxe4+ 33. Rxe4 Rc2 34. Re6 Rxa2 35. Rxc6 Rb2 36. Ra6 Rxb4 37. Rxa7 Rc4 38. Rc7 f5 39. Kf3 Kf6 40. h4 Ke5 41. Rxg7 Rc3+ 42. Kg2 Rxc5 43. h5 Rc2 44. h6 Rc6 45. h7 Rh6 46. Kf3 Kf6 47. Ra7 Kg5 48. Rf7 Kg6 49. Ra7 Kg5 50. Kg2 Rh5 51. f4+ Kg6 52. Kf3 Rh2 53. g4 Rh3+ 54. Kg2 fxg4 55. Kf2 Kf5 56. Rf7+ Ke6 57. Rg7 Kf5 58. Rf7+ Kg6 59. Rf8 Rxh7 60. Kg3 Rh1 61. Rg8+ Kf7 62. Rxg4 Rg1+ 63. Kf3 Rxg4 64. Kxg4 Kf6 65. f5 Kf7 66. Kf4 Kf6 67. Kg4 Kf7 68. Kf4 Kf6 69. Ke4 Kf7 70. Ke5 Ke7 71. f6+ Kf7 72. Kf5 Kf8 73. Kg5 Kf7 74. Kf5 Kf8 75. Ke6 Ke8 76. Kd5 Kf7 77. Ke5 Kf8 78. Kf4 Kf7 79. Ke4 Kxf6 1/2-1/2

[Event "Asian Online (Women)"]
[Site "Tornelo INT"]
[Date "2021.08.25"]
[Round "7"]
[White "Mahalakshmi, Muganda Kumar"]
[Black "Ahmed, Walijah"]
[Result "1-0"]
[WhiteElo "2253"]
[BlackElo "1904"]
[PlyCount "129"]
[EventDate "2021.08.23"]
[EventType "swiss (rapid)"]
[EventRounds "9"]
[EventCountry "NET"]
[SourceTitle "CBM 204 Extra"]
[Source "ChessBase"]
[SourceDate "2021.11.30"]
[SourceVersion "1"]
[SourceVersionDate "2021.11.30"]
[SourceQuality "1"]

1. d4 d5 2. Bf4 Nf6 3. e3 e6 4. Nd2 Bd6 5. c3 0-0 6. Bd3 c5 7. Bxd6 Qxd6 8. f4 Nc6 9. Ngf3 cxd4 10. cxd4 Nb4 11. Be2 Ng4 12. Nf1 e5 13. fxe5 Qg6 14. Rc1 Nxa2 15. Bd3 Qh6 16. Ra1 Nb4 17. Qd2 Nxd3+ 18. Qxd3 Bd7 19. h3 a6 20. Rg1 Bb5 21. Qd2 Bxf1 22. hxg4 Bb5 23. g5 Qg6 24. Kf2 Rac8 25. Rac1 Ba4 26. Rc3 Qf5 27. Rgc1 Rxc3 28. Qxc3 Bc6 29. Kg1 h6 30. gxh6 gxh6 31. Qc2 Qg4 32. Kf2 Kg7 33. Rh1 Rg8 34. Rh4 Qg6 35. Qxg6+ fxg6 36. Ke2 Rc8 37. Rf4 Bb5+ 38. Kd2 Ba4 39. Ne1 Rc6 40. g3 g5 41. Rf2 Kg6 42. Rf8 Kg7 43. Rd8 Rb6 44. Nd3 Bb3 45. Nc5 Bc4 46. e6 Rxb2+ 47. Kc1 Re2 48. e7 Bb5 49. e8Q Bxe8 50. Rxe8 Rg2 51. e4 dxe4 52. Nxe4 Re2 53. d5 Re3 54. Kd2 Rf3 55. d6 Rf5 56. Nc3 Rf7 57. Nd5 Rd7 58. Re6 b5 59. Nb6 Rd8 60. d7 Kf7 61. Rxh6 Ke7 62. Rg6 a5 63. Rxg5 Rb8 64. Rxb5 a4 65. Nd5+ 1-0